1919 1552 1723 1050 1099 1407 1521 1438 1111 1939 1680 1996 1824 1999 1828 1805 1503 1486 1125 1254 1023 1272 1572 1628 1768 1741 1255 1007 1388 1849 1902 1962 1009 1630 1984 1360 1546 1552 1344 1801 1746 1559 1277 1080 1573 1881 1583 1879 1290 1727 1393 1281 1720 1056 1011 1176 1398 1759 1301 1340 1768 1348 1063 1942 1735 1627 1756 1066 1740 1541 1981 1510 1451 1053 1106 1627 1616 1224 1201 1032 1836 1064 1567 1068 1254 1059 1326 1613 1838 1530 1060 1819 1130 1355 1209 1268 1047 1637 1463 BCNSPRNW ULIB Ver.6.0+V

เปลี่ยนเป็นภาษาไทย

Change to English
 แสดงรายละเอียดบรรณานุกรม
  กลับหน้าหลัก

Brief Record : Get Marc (ISO 2709) : E-mail record : QR code < ปิดหน้าต่าง
LEADER : 00000nam 2200000uu 4500
001    13399121449
003     ULIB
008    110608s2546 th 000 p tha d
020    ^a9789749165805
050  4 ^aรส^bน836อ 2546
100 0  ^aเนาวรัตน์ พงษ์ไพบูลย์
245 10 ^aอาทิตย์ ถึง จันทร์ /^cเนาวรัตน์ พงษ์ไพบูลย์
246 30 ^aอาทิตย์ถึงจันทร์
250    ^aพิมพ์ครั้งที่ 5
260    ^aกรุงเทพฯ :^bมูลนิธิสถาบันวิชาการ 14 ตุลา,^c2546
300    ^a135 หน้า ;^c21 ซม.
490 0  ^aหนังสือชุด''ตุลาวรรณกรรม''
500    ^aฉลองครบรอบ 30 ปี 14 ตุลา : 2516-2546 ร่วมวาระประวัติศาสตร์''''วัน 14 ตุลา ประชาธิปไตย''''
650  4 ^aกวีนิพนธ์การเมืองไทย
650  4 ^aกวีนิพนธ์ไทย
650  4 ^aวันมหาวิปโยค^xกวีนิพนธ์
710 2  ^aมูลนิธิสถาบันวิชาการ 14 ตุลา
945    ^p0^l0^i14353
995    ^aกัณชพร
999    ^aกัณชพร
รายการนี้ยังไม่มีแท็ก
คุณยังไม่ได้ล็อกอิน คุณสามารถมีกิจกรรมร่วมกับเว็บไซต์ได้ แต่ต้องล็อกอินก่อน ::
  ล็อกอิน

รายการสื่อสารสนเทศ

ลำดับที่ ประเภท เลขเรียก/บาร์โค้ด สถานที่ สถานะ
1. นวนิยาย
นวนิยาย
รส น836อ 2546  
  Barcode: 14353
ห้องสมุดวิทยาเขตสวรรค์ประชารักษ์
►นวนิยาย
บนชั้น
  ขอยืม

รายการใกล้เคียง
    หัวเรื่อง [กวีนิพนธ์ไทย]

BibComment


ยังไม่เคยถูกคอมเมนท์

คอมเมนท์ทรัพยากรรายการนี้
  คอมเมนท์: อาทิตย์ ถึง จันท..


 Copyright 2026. Bcnsprnw @Library